01095cam a2200241 a 450000100100000000500170001000800410002704000250006808200170009310000390011024501060014926000580025530000210031350000630033450400320039765000190042960000580044860000530050661000410055995201150060095201210071599900170083600001065120200929162250.0791218s1976 ve b s001 0 spa  aDO-SdBNPbspacBNPHU a530.4bP438c1 aPérez Estévez, Antonio.92578713aEl concepto de materia al comienzo de la Escuela Franciscana de París /cAntonio Pérez Estévez. aMaracaibo, Venezuela :bUniversidad de Zulia;,c1976. a141 p. ;c23 cm. aIncluye datos biográficos del autor en la contracubierta aBibliografía: p. 124-133. 4aMateria92578800aBONAVENTURE,cSAINT, CARDINAL,dca. 1217-1274.92578900aRICARDUS,cDE MEDIAVILLA,dca. 1249-1308?92579020aFRANCISCANSzFRANCEzPARÍS.925791 001050718MOaGRbGRcHDd2009-10-08iLF1l0o530.4 P438cp10651-10r2020-06-25w2020-06-25y1ZNo se presta 001150718MOaGRbGRcMId2017-06-06iLF1l0o530.4 P438cp10651-20r2020-06-25te. 2w2020-06-25y1ZNo se presta c10406d10406